[Event "Pardubice op rapid 29th"]
[Site "Pardubice"]
[Date "2018.07.19"]
[Round "5"]
[White "Domogaev, Sergey"]
[Black "Belyakov, Bogdan"]
[Result "0-1"]
[WhiteElo "2414"]
[BlackElo "2489"]
[PlyCount "208"]
[EventDate "2018.07.18"]
[EventType "swiss (rapid)"]
[EventRounds "9"]
[EventCountry "CZE"]
[SourceTitle "CBM 185 Extra"]
[Source "ChessBase"]
[SourceDate "2018.07.29"]
[SourceVersion "1"]
[SourceVersionDate "2018.07.29"]
[SourceQuality "1"]

1. d4 Nf6 2. c4 g6 3. Nc3 Bg7 4. e4 d6 5. Be2 0-0 6. Be3 c5 7. dxc5 Qa5 8. Bd2 Qxc5 9. Nf3 Bg4 10. 0-0 Nc6 11. Be3 Qa5 12. a3 Rfc8 13. Nd2 Bxe2 14. Qxe2 Nd7 15. Rac1 a6 16. f4 b5 17. Nd5 e6 18. cxb5 Nd4 19. Qf2 Rxc1 20. Rxc1 Nxb5 21. Nc4 Qd8 22. Nb4 Nc5 23. e5 Ne4 24. Qe2 Rc8 25. Rd1 d5 26. Nb6 Nxa3 27. bxa3 Nc3 28. Qxa6 Nxd1 29. Qxc8 Qxc8 30. Nxc8 Nxe3 31. a4 Bf8 32. Nd3 Nc4 33. Kf2 Ba3 34. Ke2 Kf8 35. Na7 Ke8 36. Nb5 Be7 37. Ke1 Kd7 38. g4 h6 39. Ke2 Bd8 40. h3 Bb6 41. Kf3 Bd8 42. Kg3 f6 43. Nc5+ Ke7 44. exf6+ Kxf6 45. h4 e5 46. g5+ hxg5 47. hxg5+ Kf5 48. fxe5 Kxe5 49. Kg4 d4 50. Nd3+ Ke4 51. Nc5+ Kd5 52. Nxd4 Bb6 53. Ne2 Ne5+ 54. Kf4 Bxc5 55. Nc3+ Ke6 56. Ne4 Ba3 57. a5 Bc1+ 58. Kg3 Kf5 59. a6 Nc6 60. Nc3 Bxg5 61. Nd5 Bd8 62. Kf3 Ke5 63. Ne3 Be7 64. Kg4 Ke4 65. Nc4 Na7 66. Nd2+ Kd5 67. Nf3 Nc6 68. Kf4 Bf6 69. Kg4 Ke6 70. Kf4 Kf7 71. Ke4 Ke6 72. Kf4 Kd5 73. Kg4 Kd6 74. Kf4 Kc7 75. Ke4 Ne7 76. Ne1 Kb6 77. Nd3 Kxa6 78. Nf4 Ba1 79. Kf3 Bb2 80. Kg4 Bc1 81. Nd3 Bd2 82. Kf3 Kb5 83. Ke4 Bc3 84. Nf4 Kc6 85. Nd3 Kd6 86. Nf4 Bd2 87. Ne2 Ke6 88. Nd4+ Kf6 89. Nb5 Bb4 90. Nd4 Bd6 91. Nf3 Bb8 92. Nd2 g5 93. Nc4 Bf4 94. Nb2 Nf5 95. Nd3 Nd6+ 96. Kf3 Kf5 97. Nf2 Nc4 98. Ke2 Ne5 99. Kf1 Be3 100. Nh1 Kf4 101. Kg2 Ng6 102. Ng3 Nh4+ 103. Kh2 Bg1+ 104. Kh3 g4+ 0-1

[Event "Pardubice op rapid 29th"]
[Site "Pardubice"]
[Date "2018.07.19"]
[Round "4"]
[White "Jazdanovs, Aleksandrs"]
[Black "Domogaev, Sergey"]
[Result "0-1"]
[WhiteElo "2205"]
[BlackElo "2414"]
[PlyCount "88"]
[EventDate "2018.07.18"]
[EventType "swiss (rapid)"]
[EventRounds "9"]
[EventCountry "CZE"]
[SourceTitle "CBM 185 Extra"]
[Source "ChessBase"]
[SourceDate "2018.07.29"]
[SourceVersion "1"]
[SourceVersionDate "2018.07.29"]
[SourceQuality "1"]

1. e4 e5 2. Nf3 Nc6 3. Bb5 a6 4. Ba4 Nf6 5. 0-0 Be7 6. Re1 b5 7. Bb3 d6 8. a4 Na5 9. axb5 Nxb3 10. cxb3 Bb7 11. bxa6 Bxe4 12. Nc3 Bd3 13. b4 Bxa6 14. d4 e4 15. Nxe4 Nxe4 16. Rxe4 0-0 17. Rg4 Qd7 18. Nd2 Be2 19. Qxe2 Rxa1 20. Nb3 f5 21. Rg3 Raa8 22. Bh6 Bf6 23. Qc4+ Kh8 24. Bf4 Rfe8 25. h3 Re4 26. Qd5 c6 27. Qxd6 Qxd6 28. Bxd6 Re1+ 29. Kh2 Re2 30. Rf3 Rxb2 31. Na5 Rc8 32. Rxf5 Bxd4 33. Nxc6 Bb6 34. Ne7 Rd8 35. Be5 Rxf2 36. Rg5 Rf7 37. Nc6 Rc8 38. b5 h6 39. Rg6 Kh7 40. Re6 Rb7 41. Nb4 Rc5 42. Bd6 Rxb5 43. Nd3 Rd7 44. Nf4 g5 0-1

[Event "Pardubice op rapid 29th"]
[Site "Pardubice"]
[Date "2018.07.19"]
[Round "8"]
[White "Potapov, Pavel"]
[Black "Domogaev, Sergey"]
[Result "1-0"]
[WhiteElo "2500"]
[BlackElo "2414"]
[PlyCount "113"]
[EventDate "2018.07.18"]
[EventType "swiss (rapid)"]
[EventRounds "9"]
[EventCountry "CZE"]
[SourceTitle "CBM 185 Extra"]
[Source "ChessBase"]
[SourceDate "2018.07.29"]
[SourceVersion "1"]
[SourceVersionDate "2018.07.29"]
[SourceQuality "1"]

1. f4 Nf6 2. Nf3 g6 3. g3 Bg7 4. Bg2 0-0 5. d3 d6 6. 0-0 c5 7. e4 Nc6 8. h3 e5 9. Nc3 exf4 10. gxf4 Nh5 11. Qe1 f5 12. Nd5 Nd4 13. Nxd4 cxd4 14. Bd2 Re8 15. Qf2 Be6 16. Rae1 Rc8 17. Bb4 Qd7 18. exf5 Bxf5 19. Kh2 Kh8 20. Rxe8+ Rxe8 21. Re1 Rxe1 22. Qxe1 h6 23. Qe7 Qc8 24. Bxd6 Qxc2 25. Be5 Qc8 26. Nf6 Nxf6 27. Bxf6 Bxf6 28. Qxf6+ Kh7 29. Qxd4 b6 30. Qc4 Qd7 31. d4 Qd6 32. Kg3 Qe7 33. Qc3 g5 34. fxg5 Qxg5+ 35. Kf2 Qf4+ 36. Kg1 Be4 37. Bxe4+ Qxe4 38. Kf2 Qf4+ 39. Ke2 Qe4+ 40. Kd2 Kg7 41. d5+ Kf7 42. Qd3 Qb4+ 43. Kc2 Ke7 44. Qh7+ Kd8 45. Qg8+ Kc7 46. Qf7+ Kb8 47. Qe8+ Kc7 48. Qc6+ Kd8 49. d6 Qc5+ 50. Qxc5 bxc5 51. Kc3 Kd7 52. Kc4 Kxd6 53. Kb5 h5 54. Ka6 h4 55. Kxa7 Kc7 56. Ka6 Kc6 57. Ka5 1-0

[Event "Pardubice op rapid 29th"]
[Site "Pardubice"]
[Date "2018.07.18"]
[Round "1"]
[White "Barak, Gil"]
[Black "Domogaev, Sergey"]
[Result "1/2-1/2"]
[WhiteElo "1993"]
[BlackElo "2414"]
[PlyCount "104"]
[EventDate "2018.07.18"]
[EventType "swiss (rapid)"]
[EventRounds "9"]
[EventCountry "CZE"]
[SourceTitle "CBM 185 Extra"]
[Source "ChessBase"]
[SourceDate "2018.07.29"]
[SourceVersion "1"]
[SourceVersionDate "2018.07.29"]
[SourceQuality "1"]

1. e4 e5 2. Nf3 Nc6 3. Bb5 a6 4. Ba4 Nf6 5. d4 exd4 6. 0-0 Be7 7. Re1 0-0 8. e5 Nd5 9. Bb3 Nb6 10. Nxd4 Nxd4 11. Qxd4 d5 12. exd6 Bxd6 13. Bf4 Qh4 14. g3 Qg4 15. h3 Qd7 16. Bxd6 Qxd6 17. Qxd6 cxd6 18. Re7 Bxh3 19. Rxb7 Nd7 20. Nc3 Nc5 21. Rb6 a5 22. Rxd6 a4 23. Bd5 Rab8 24. b3 Bf5 25. Rc6 Ne6 26. Bxe6 fxe6 27. bxa4 Bxc2 28. Rxe6 Bf5 29. Re2 Bd3 30. Rd2 Bc4 31. Rad1 Rbe8 32. Nd5 Be2 33. Re1 Bf3 34. Rxe8 Rxe8 35. Ne3 Re4 36. Rd8+ Kf7 37. Rd7+ Kf8 38. Rd8+ Ke7 39. Rd4 Re5 40. Rf4 Be4 41. Nc4 Re6 42. Nd2 Bb7 43. Kf1 Ba6+ 44. Kg2 Bb7+ 45. Kf1 g5 46. Rb4 Ba6+ 47. Kg2 h5 48. a5 Bd3 49. Rd4 Ba6 50. Rb4 Bd3 51. Rd4 Ba6 52. Rb4 Bd3 1/2-1/2

[Event "Voronezh op-A 22nd"]
[Site "Voronezh"]
[Date "2018.06.21"]
[Round "9"]
[White "Volovich, Vasily"]
[Black "Domogaev, Sergey"]
[Result "0-1"]
[WhiteElo "2244"]
[BlackElo "2433"]
[PlyCount "80"]
[EventDate "2018.06.12"]
[EventType "swiss"]
[EventRounds "9"]
[EventCountry "RUS"]
[SourceTitle "CBM 185 Extra"]
[Source "ChessBase"]
[SourceDate "2018.07.29"]
[SourceVersion "1"]
[SourceVersionDate "2018.07.29"]
[SourceQuality "1"]

1. e4 e5 2. Nf3 Nc6 3. Nc3 Nf6 4. Bb5 Bb4 5. 0-0 0-0 6. d3 d6 7. Bg5 Bxc3 8. bxc3 Bd7 9. Rb1 h6 10. Bh4 Kh7 11. Qd2 Rg8 12. Bc4 Bg4 13. Qe3 Na5 14. Bxf7 Rf8 15. Bb3 Bxf3 16. Qxf3 g5 17. Qf5+ Kg7 18. Bxg5 hxg5 19. Qxg5+ Kh8 20. f4 Nh7 21. Qxd8 Raxd8 22. f5 Nxb3 23. axb3 Nf6 24. Rbe1 Rg8 25. Rf3 Rg4 26. h3 Rg5 27. g4 Kg7 28. Kf2 Rh8 29. Ke3 Kf7 30. b4 a6 31. c4 Rgg8 32. Rg1 Nh5 33. Rh1 Nf4 34. Rxf4 exf4+ 35. Kxf4 Rh4 36. Rg1 Rxh3 37. d4 Rc3 38. g5 Rxc4 39. g6+ Kf6 40. c3 Rh8 0-1

[Event "Voronezh op-A 22nd"]
[Site "Voronezh"]
[Date "2018.06.20"]
[Round "8"]
[White "Domogaev, Sergey"]
[Black "Klimentov, Roman"]
[Result "1-0"]
[WhiteElo "2433"]
[BlackElo "2180"]
[PlyCount "109"]
[EventDate "2018.06.12"]
[EventType "swiss"]
[EventRounds "9"]
[EventCountry "RUS"]
[SourceTitle "CBM 185 Extra"]
[Source "ChessBase"]
[SourceDate "2018.07.29"]
[SourceVersion "1"]
[SourceVersionDate "2018.07.29"]
[SourceQuality "1"]

1. d4 Nf6 2. c4 e6 3. Nc3 Bb4 4. e3 0-0 5. Bd3 d5 6. a3 Bxc3+ 7. bxc3 dxc4 8. Bxc4 c5 9. Nf3 Qc7 10. Be2 b6 11. 0-0 Nbd7 12. Bb2 Bb7 13. h3 Rac8 14. a4 Rfd8 15. Re1 Ne4 16. Bd3 c4 17. Bc2 Qc6 18. Qe2 Qd5 19. Qf1 Kh8 20. Rad1 Qa5 21. Rc1 Rg8 22. Red1 g5 23. d5 Ndf6 24. Ne5 Bxd5 25. Nxf7+ Kg7 26. Ne5 Qc5 27. Rd4 Qc7 28. Ng4 Nxg4 29. hxg4 Nf6 30. Rcd1 Rgf8 31. Qe2 Bb7 32. Ba3 Rfe8 33. e4 e5 34. Rd6 Qf7 35. a5 Re6 36. axb6 axb6 37. R6d2 h6 38. Bb4 b5 39. Qf3 Rcc6 40. Rd5 Bc8 41. Qg3 Re8 42. Rxe5 Bxg4 43. Rxe8 Qxe8 44. Ra1 Bh5 45. Ra7+ Bf7 46. Qe3 Qe5 47. Re7 Re6 48. Rxe6 Qxe6 49. Qc5 Qe8 50. Qd4 Bg6 51. f3 Qa8 52. Be7 Qc6 53. Bd1 Kf7 54. Bd6 Ke6 55. Qe5+ 1-0

[Event "Voronezh op-A 22nd"]
[Site "Voronezh"]
[Date "2018.06.18"]
[Round "6"]
[White "Domogaev, Sergey"]
[Black "Krivtsov, Alexander"]
[Result "0-1"]
[WhiteElo "2433"]
[BlackElo "2232"]
[PlyCount "140"]
[EventDate "2018.06.12"]
[EventType "swiss"]
[EventRounds "9"]
[EventCountry "RUS"]
[SourceTitle "CBM 185 Extra"]
[Source "ChessBase"]
[SourceDate "2018.07.29"]
[SourceVersion "1"]
[SourceVersionDate "2018.07.29"]
[SourceQuality "1"]

1. d4 f5 2. Nc3 Nf6 3. Bg5 g6 4. Bxf6 exf6 5. e3 d5 6. h4 c6 7. Bd3 Qb6 8. a3 Bd6 9. Nge2 Be6 10. Na4 Qc7 11. b4 Nd7 12. Nc5 Bxc5 13. dxc5 Ne5 14. Nd4 Kf7 15. Be2 h5 16. Qd2 Qe7 17. g3 Rac8 18. Nb3 b6 19. a4 Kg7 20. Kf1 Bf7 21. Qd4 Nd7 22. Kg2 Rb8 23. Rhd1 Rhc8 24. Rab1 Rc7 25. Kg1 bxc5 26. bxc5 Rcb7 27. Ra1 Rb4 28. Qc3 Be8 29. Kg2 Nf8 30. a5 Ne6 31. a6 Bd7 32. Ra5 f4 33. Re1 fxg3 34. Kxg3 Nd8 35. Nd4 Nf7 36. Raa1 Ne5 37. Bf1 Kg8 38. f3 Nc4 39. Bxc4 Rxc4 40. Qd3 Kf7 41. Rab1 Qxc5 42. Rb7 Qd6+ 43. f4 Rxb7 44. axb7 Qb4 45. Rf1 Qxb7 46. f5 Qb8+ 47. Kg2 Bxf5 48. Nxf5 Rg4+ 49. Kf3 gxf5 50. Qxf5 Qe5 51. Qh7+ Rg7 52. Qd3 Qh2 53. Rf2 Qxh4 54. Ke2 Qc4 55. Qxc4 dxc4 56. Rf5 Rg5 57. Rf4 Rc5 58. Kd2 Kg6 59. Kc3 Kg5 60. Rf1 Re5 61. Rg1+ Kf5 62. Rb1 Kg4 63. Rg1+ Kf3 64. Rf1+ Kxe3 65. Rxf6 h4 66. Rh6 Re4 67. Rxc6 Kf3 68. Rc7 h3 69. Rxa7 Rg4 70. Rh7 Kg2 0-1

[Event "Voronezh op-A 22nd"]
[Site "Voronezh"]
[Date "2018.06.13"]
[Round "2"]
[White "Domogaev, Sergey"]
[Black "Stukan, Martin"]
[Result "1-0"]
[WhiteElo "2433"]
[BlackElo "2183"]
[PlyCount "115"]
[EventDate "2018.06.12"]
[EventType "swiss"]
[EventRounds "9"]
[EventCountry "RUS"]
[SourceTitle "CBM 185 Extra"]
[Source "ChessBase"]
[SourceDate "2018.07.29"]
[SourceVersion "1"]
[SourceVersionDate "2018.07.29"]
[SourceQuality "1"]

1. d4 Nf6 2. c4 g6 3. Nc3 d5 4. Nf3 Bg7 5. e3 0-0 6. Bd2 c6 7. h3 Nbd7 8. cxd5 cxd5 9. Bd3 b6 10. 0-0 Bb7 11. Qb3 Ne4 12. Rfd1 Nxd2 13. Rxd2 Nf6 14. Rc2 Rc8 15. Rac1 e6 16. Nb5 Rxc2 17. Rxc2 Qb8 18. Qa3 a5 19. Ne5 Ba6 20. Nc6 Qb7 21. Nd6 Qa8 22. Bxa6 Qxa6 23. Ne7+ Kh8 24. Rc8 h6 25. Nxf7+ Kh7 26. Nd6 Qe2 27. Rxf8 Bxf8 28. Qc3 Bxe7 29. Qc7 Ng8 30. Nc8 Qc4 31. Qd7 Qb4 32. a3 Qe1+ 33. Kh2 Qxf2 34. Nxe7 Qf7 35. Nxg8 Kxg8 36. Qd8+ Kg7 37. Qxb6 a4 38. Qd6 g5 39. Kg1 Kg6 40. Qc6 Qf5 41. Qe8+ Kg7 42. Qxa4 Qb1+ 43. Kh2 Qxb2 44. Qb4 Qc1 45. Qe7+ Kg6 46. Qxe6+ Kg7 47. Qxd5 Qxa3 48. Qe5+ Kg6 49. d5 Qc5 50. Kg3 Qa5 51. Qe6+ Kg7 52. d6 Qe1+ 53. Kh2 Qc3 54. Qe7+ Kg6 55. Qe4+ Kf7 56. Qf5+ Kg7 57. e4 Qd3 58. d7 1-0

[Event "Odoev-ch"]
[Site "Odoev"]
[Date "2018.06.05"]
[Round "9"]
[White "Domogaev, Sergey"]
[Black "Gusev, Aleksey"]
[Result "1-0"]
[WhiteElo "2412"]
[BlackElo "2367"]
[PlyCount "75"]
[EventDate "2018.05.28"]
[EventType "swiss"]
[EventRounds "9"]
[EventCountry "RUS"]
[SourceTitle "EXT 2019"]
[Source "ChessBase"]
[SourceDate "2018.10.10"]
[SourceVersion "1"]
[SourceVersionDate "2018.10.10"]
[SourceQuality "1"]

1. e4 e5 2. Nf3 Nc6 3. Bb5 a6 4. Ba4 Nf6 5. 0-0 Be7 6. Re1 b5 7. Bb3 d6 8. c3 0-0 9. h3 Be6 10. d4 Bxb3 11. axb3 Qb8 12. d5 Nd8 13. Qd3 c6 14. c4 bxc4 15. bxc4 cxd5 16. cxd5 a5 17. Nc3 Nd7 18. Be3 g6 19. g4 Nb7 20. Na4 f5 21. gxf5 gxf5 22. exf5 Qe8 23. Kh2 Qh5 24. Rg1+ Kh8 25. Ng5 Bxg5 26. Rxg5 Nbc5 27. Nxc5 Nxc5 28. Qd2 Qf3 29. Bxc5 dxc5 30. Ra3 Qe4 31. Qe3 Qxd5 32. Rd3 Qc6 33. Qxe5+ Qf6 34. Qf4 Qxb2 35. Rd7 Qf6 36. Qg3 Rf7 37. Rxf7 Qxf7 38. Qe5+ 1-0

[Event "Odoev-ch"]
[Site "Odoev"]
[Date "2018.06.04"]
[Round "8"]
[White "Postypalskiy, Mihail"]
[Black "Domogaev, Sergey"]
[Result "1/2-1/2"]
[WhiteElo "2350"]
[BlackElo "2412"]
[PlyCount "62"]
[EventDate "2018.05.28"]
[EventType "swiss"]
[EventRounds "9"]
[EventCountry "RUS"]
[SourceTitle "EXT 2019"]
[Source "ChessBase"]
[SourceDate "2018.10.10"]
[SourceVersion "1"]
[SourceVersionDate "2018.10.10"]
[SourceQuality "1"]

1. Nf3 c5 2. g3 Nc6 3. Bg2 Nf6 4. 0-0 e6 5. d3 b6 6. e4 Be7 7. Re1 0-0 8. Nbd2 Bb7 9. Nf1 d5 10. e5 Nd7 11. h4 Qc7 12. Bf4 d4 13. a3 a5 14. N1h2 b5 15. Qe2 a4 16. Nd2 Kh8 17. Nhf3 Nb6 18. Ng5 Bxg5 19. hxg5 Ne7 20. Bxb7 Qxb7 21. Ne4 Ng6 22. Nxc5 Qc6 23. Ne4 Nd5 24. Qd2 Ndxf4 25. gxf4 f5 26. exf6 gxf6 27. gxf6 Rxf6 28. Nxf6 Nh4 29. Kf1 Qh1+ 30. Ke2 Qf3+ 31. Kf1 Qh1+ 1/2-1/2